Southville International School and Colleges
Your cart is empty.
  • Cart
  • Lists
    Public lists Eva Luna New books Lux_list list_1
    Your lists Log in to create your own lists
  • Log in to your account
  • Your cookies
  • Search history
Southville International School and Colleges
  • Advanced search
  • Recent comments
  • Most popular
  • Libraries

Log in to your account

Log in with GOOGLE


If you do not have an external account, but do have a local account, you can still log in:

  1. Home
  2. MARC view: Children's picture atlas.
Normal view MARC view ISBD view

Children's picture atlas. (Record no. 105778)

[ view plain ]
MARC details
000 -LEADER
fixed length control field 00421nam a2200169 a 4500
005 - DATE AND TIME OF LATEST TRANSACTION
control field 20140412111414.0
008 - FIXED-LENGTH DATA ELEMENTS--GENERAL INFORMATION
fixed length control field 070702s19uu xx 00 eng d
020 ## - INTERNATIONAL STANDARD BOOK NUMBER
International Standard Book Number 1-85152-465-7
050 ## - LIBRARY OF CONGRESS CALL NUMBER
Classification number REF 912.3
Item number Y72 1993
245 ## - TITLE STATEMENT
Title Children's picture atlas.
260 ## - PUBLICATION, DISTRIBUTION, ETC. (IMPRINT)
Name of publisher, distributor, etc Chancellor Press,
Date of publication, distribution, etc 1993.
300 ## - PHYSICAL DESCRIPTION
Extent 64
440 ## - SERIES STATEMENT/ADDED ENTRY--TITLE
Title Philip's
500 ## - GENERAL NOTE
General note An atlas for 6-11 year olds
650 ## - SUBJECT ADDED ENTRY--TOPICAL TERM
Topical term or geographic name as entry element Atlas
Holdings
Withdrawn status Lost status Damaged status Home library Current library Shelving location Date acquired Source of acquisition Cost, normal purchase price Total Checkouts Full call number Barcode Date last seen Price effective from Koha item type
      Elizalde Library Elizalde Library Reference Section 07/02/2007   175.00   REF 912.3 Y72 1993 E10655 04/12/2014 04/12/2014 Books

Children's picture atlas.

APA

(1993). Children's picture atlas. : Chancellor Press.

Chicago

1993. Children's picture atlas. : Chancellor Press.

Harvard

(1993). Children's picture atlas. : Chancellor Press.

MLA

Children's picture atlas. : Chancellor Press. 1993.

  • Place hold
  • Print
  • Cite
  • Add to your cart (remove)
  • Save record
    BIBTEX Dublin Core MARCXML MARC (non-Unicode/MARC-8) MARC (Unicode/UTF-8) MARC (Unicode/UTF-8, Standard) MODS (XML) RIS
  • More searches
    Search for this title in:
    Other Libraries (WorldCat) Other Databases (Google Scholar) Online Stores (Bookfinder.com) Open Library (openlibrary.org)

Exporting to Dublin Core...

SOUTHVILLE LIBRARY

Southville International School and Colleges Library

1281 Tropical Ave. Cor. Luxembourg St., BF Homes International, Las Pinas City

Tel. No. 8256374 / 252358 Loc. 117/146

Powered by Koha